STN EN 14540+A1: 2007 (92 0412) [neplatná], Požiarne hadice. Nepresakujúce ploché hadice do nástenných hydrantov. (Konsolidovaný text)

Norma je slovenskou verziou EN 14540: 2004 + A1: 2007

Bibliographic Details
Corporate Author: Technický skúšobný ústav (Piešťany, Slovensko) (Translator)
Other Authors: Sulík, Štefan (Translator)
Format: Book
Language:Slovak
English
PhysicalDescription:28 s. obr., tab. 30 cm
Published: Bratislava Slovenský ústav technickej normalizácie 2007
Subjects:

MARC

LEADER 00000cam a2200000 a 4500
001 vtls009794305
003 SK-MaSNL
005 20260301171531.0
008 160624s2007 xo a f u 000 0 slo
015 |a SNBN2014 
020 |c (cen. skup. 12) 
035 |a (SVKBBclas03)vtls000270465 
040 |a SNK  |b slo  |c SNK  |e AACR2 
041 1 |a slo  |a eng  |h eng 
044 |a xo  |c SK 
046 |a s  |m 200708 (účin.)  |n 20150401 (zruš.) 
072 7 |a 614.8  |x Požiare. Ochrana pred požiarmi  |2 konspekt 
080 |a 614.84  |2 2001 
080 |a 614.843/.847  |2 2001 
080 |a 006.86  |2 2001 
080 |a (4)CEN  |2 2001 
080 |a (437.6)  |2 2001 
080 |a (083.742)  |2 2001 
080 |a 614.843.1  |2 2001 
080 |a 614.843.2  |2 2001 
084 |a 13.220.10  |2 ICS 
084 |a 23.040.70  |2 ICS 
130 0 |a STN 92 0412 (STN EN 14540+A1) [neplatná]  |9 539345 
245 1 0 |a STN EN 14540+A1: 2007 (92 0412) [neplatná], Požiarne hadice. Nepresakujúce ploché hadice do nástenných hydrantov. (Konsolidovaný text) 
246 1 0 |a Požiarne hadice 
246 1 0 |a Nepresakujúce ploché hadice do nástenných hydrantov 
246 3 0 |a EN 14540: 2004+A1: 2007 E 
260 |a Bratislava  |b Slovenský ústav technickej normalizácie  |c 2007 
300 |a 28 s.  |b obr., tab.  |c 30 cm 
500 |a Od 1.8.2007 v celom rozsahu nahrádza STN EN 14540 z júna 2005 
500 |a Spracovateľ: Technický skúšobný ústav Piešťany, Štefan Sulík 
500 |a Norma je nahradená anglickou verziou normy STN EN 14540 z apríla 2015, ktorú nahradila norma STN EN 14540 z februára 2016 v celom rozsahu 
504 |a Citované normy a súvisiace právne predpisy: s. 2 ; literatúra: s. 25 
520 8 |a Norma je slovenskou verziou EN 14540: 2004 + A1: 2007 
540 |a STN vydané na akomkoľvek nosiči sa môžu rozmnožovať a rozširovať iba so súhlasom určenej právnickej osoby  |b SÚTN Bratislava  |c zákon 264/1999 Z.z. 
650 0 7 |a požiarna ochrana  |2 SNKPH  |9 1501 
650 0 7 |a požiarna technika  |2 SNKPH  |9 69222 
650 0 7 |a technické normy a štandardy  |z krajiny Európskej únie  |2 SNKPH  |9 289341 
650 0 7 |a technické normy a štandardy  |z Slovensko  |2 SNKPH  |9 79594 
650 0 7 |a Fire protection  |2 SNKPHeng  |9 265684 
650 0 7 |a Fire technique  |2 SNKPHeng  |9 336533 
650 0 7 |a nástenné hydranty  |2 SNKPH  |9 539346 
650 0 7 |a hadice  |2 SNKPH  |9 49701 
650 0 7 |a Wall hydrants  |2 SNKPHeng  |9 539347 
650 0 7 |a Hoses  |2 SNKPHeng  |9 403609 
655 7 |a normy  |2 SNKPH  |9 70643 
700 1 |a Sulík, Štefan  |4 trl  |9 306759 
710 2 |a Technický skúšobný ústav (Piešťany, Slovensko)  |4 trl  |9 293925 
710 2 |a Slovenský ústav technickej normalizácie (Bratislava, Slovensko).  |b Technická komisia č. 17 Bezpečnosť a ochrana pred požiarom  |4 stn  |9 306760 
958 |a OP 
958 |a NB 
999 |c 831113  |d 833043 
952 |a SNK  |b SNK  |y PREZ  |7 0  |p 17A1121249  |o snkSTN EN 14540+A1  |i snk2014/20218  |8 0  |0 0  |1 0  |4 0  |d 2014-10-01  |l 0  |r 2026-02-24 03:37:46  |w 2026-02-24 
952 |a SNK  |b SNK  |y PREZ  |7 0  |p 17A1121250  |o snkSTN EN 14540+A1 D1  |i snk2014/20219  |8 0  |0 0  |1 0  |4 0  |d 2014-10-01  |l 0  |r 2026-02-24 03:37:46  |w 2026-02-24